000 01015nam a22003017a 4500
001 BR9705123
003 BR-BrBNA
005 20230928095746.0
007 ta
008 230509b bl.||||| |||| 00| 0 por d
040 _aBR-BrBNA
_bpor
_cBiblioteca Nacional de Agricultura
041 _a(Por)
072 _aJ11
_b0150
090 _ 0150 BR9705123
100 1 _aSchiocchet, M.A.
110 1 _aUniversidade Estadual Paulista Julio de Mesquita Filho, Botucatu, SP (Brasil). Faculdade de Ciencias Agronomicas
_0Tese (Doutor em Agronomia)
_910680
245 1 _aInfluencia do grau de umidade na colheita e do armazenamento na qualidade de graos de arroz submetidos ou nao a parboilizacao
260 3 _aBotucatu, SP (Brasil):
_c1997.
300 _a111 p.
500 _aBibliography p. 96-111; 22 tables; Summaries (Eng, Por)
650 _aArroz
650 _aParboilizacao
650 _aColheita
650 _aArmazenamento
650 _aQualidade
909 _a202309
_bLucia
_c55
_dLucia Elande
942 _cBK
999 _c58493
_d58493